ბათუმის შოთა რუსთაველის სახელმწიფო უნივერსიტეტის ბიბლიოთეკა

The Rains Came. (ბიბ.ჩანაწერი № 46254)

000 -LEADER
fixed length control field 00451nam a2200193Ia 4500
001 - CONTROL NUMBER
control field 13087
003 - CONTROL NUMBER IDENTIFIER
control field GE_BSU
008 - FIXED-LENGTH DATA ELEMENTS--GENERAL INFORMATION
fixed length control field 181216s||||||||xx |||||||||||||| ||und||
040 ## - CATALOGING SOURCE
Transcribing agency GE_BSU
080 ## - UNIVERSAL DECIMAL CLASSIFICATION NUMBER
Universal Decimal Classification number 821.111-3
100 ## - MAIN ENTRY--PERSONAL NAME
Personal name Bromfield,Louis.
245 #4 - TITLE STATEMENT
Title The Rains Came.
245 #2 - TITLE STATEMENT
Remainder of title A novel of modern India.
260 ## - PUBLICATION, DISTRIBUTION, ETC.
Place of publication, distribution, etc. London.
260 ## - PUBLICATION, DISTRIBUTION, ETC.
Name of publisher, distributor, etc. Cassell.
300 ## - PHYSICAL DESCRIPTION
Extent 578p;20cm.
653 ## - INDEX TERM--UNCONTROLLED
Uncontrolled term The Rains Came:A novel of modern India.
942 ## - ADDED ENTRY ELEMENTS (KOHA)
Koha item type წიგნი
ეგზემპლარები
Withdrawn status Lost status Damaged status Not for loan Date acquired Barcode Date last seen Price effective from Koha item type
        2018-12-17 36722 2018-12-17 2018-12-17 წიგნი